000 00207 a2200097 4500
001 42238
100 _aHill D
245 _aIslamic Architecture
260 _a
_bFaber & Faber Ltd
_c
090 _c26213
_d26213
942 _aNUST-CAE
_cM
_c18018
999 _c277311
_d277311